|
|
|
|
| LEADER |
00000nab a2200000 a 4500 |
| 001 |
vtls000307306 |
| 003 |
SK-MaSNL |
| 005 |
20260302214827.0 |
| 008 |
140301c1988 xo 0 slo |
| 015 |
|
|
|a SNBRB19rr/mm-uuuuu
|
| 035 |
|
|
|a CL0317425
|
| 040 |
|
|
|a SNKBUCL
|b slo
|c SNKBUCL
|e AACR2
|
| 041 |
0 |
|
|a slo
|
| 044 |
|
|
|a xo
|c SK
|
| 080 |
|
|
|a 37.01:140.8:141.82
|2 1981
|
| 080 |
|
|
|a 140.8
|2 1981
|
| 080 |
|
|
|a 141.82
|2 1981
|
| 080 |
|
|
|a 141.45
|2 1981
|
| 080 |
|
|
|a 338.2(437)
|2 1981
|
| 100 |
1 |
|
|a Čelko, Jaroslav,
|d 1923-2017
|4 aut
|9 170185
|
| 245 |
1 |
0 |
|a Prestavba a ateistická výchova
|c Jaroslav Čelko
|
| 650 |
0 |
7 |
|a mechanizmus hospodársky
|2 snkbucl
|9 385380
|
| 650 |
0 |
7 |
|a výchova ateistická
|2 snkbucl
|9 924343
|
| 650 |
0 |
7 |
|a ČSSR
|2 snkbucl
|9 335647
|
| 655 |
|
7 |
|a články z novín a časopisov
|2 snkbucl
|9 267496
|
| 773 |
0 |
|
|t Učiteľské noviny
|g Roč. 38, č. 11 (1988), s. 1 a 3
|
| 850 |
|
|
|a Slovenská národná knižnica v Martine
|a MTA001
|
| 852 |
|
|
|a SNK
|b KIS3GCP
|
| 958 |
|
|
|a RK
|
| 992 |
|
|
|a RBX
|
| 999 |
|
|
|c 1499753
|d 1501683
|